|
|
|
|
| LEADER |
00000nam a2200000 4500 |
| 001 |
vtls012238442 |
| 003 |
SK-MaSNL |
| 005 |
20260331212011.0 |
| 008 |
251112s1473 it 001 0 lat |
| 015 |
|
|
|a SNBHFA
|
| 038 |
|
|
|a SNKHF
|
| 040 |
|
|
|a SNK
|b slo
|c SNK
|e rda
|
| 041 |
0 |
|
|a lat
|
| 044 |
|
|
|a it
|c IT
|
| 072 |
|
7 |
|a 27-46/-48
|x Pastorálna teológia
|2 konspekt
|
| 080 |
|
|
|a 2-46
|2 2011
|
| 100 |
2 |
|
|a Matteo, Leonardo di,
|d zomrel asi 1469
|4 prt
|9 129126
|
| 240 |
1 |
|
|a Sermones quadragesimales de legibus dicti
|
| 245 |
1 |
0 |
|a Sermones quadragesimales de legibus fratris Leonädi de Utino
|
| 264 |
|
1 |
|a Venetiis
|b per Frānciscū d Hailbrun [et] Nicolaii d' Frāckfordia socios.
|c M. Ccccc. Lxxiii (1473)
|
| 300 |
|
|
|a 404 fólií
|c 2° (32x23 cm)
|
| 336 |
|
|
|a text
|b txt
|2 rdacontent
|
| 337 |
|
|
|a bez média
|b n
|2 rdamedia
|
| 338 |
|
|
|b zväzok
|b nc
|2 rdacarier
|
| 510 |
4 |
|
|a Kotvan
|c 757
|
| 510 |
4 |
|
|a Kotvan - Frimmová
|c 308
|
| 510 |
4 |
|
|a ISTC
|c il00143000
|
| 510 |
4 |
|
|a GW
|c M17924
|
| 561 |
|
|
|a Proveniencia: Na prvom fóliu je rukopisný posesorský záznam: Iste liber este conuentus cassouiensis.
|5 SNK Inc A 37
|
| 561 |
|
|
|a Na druhom fóliu je latinská pečať dominikánov v Košiciach s o signatúrov III A 13.
|5 SNK Inc A 37
|
| 561 |
|
|
|a Tlač bola do roku 1975 uložená v Miestnom pracovisku MS v Bratislave, kde mala signatúru Inc 33.
|5 SNK Inc A 37
|
| 562 |
|
|
|a Na druhom fóliu iluminovaná iniciála L-Aua s červenou literou. Na rovnakom mieste červené rubrikovanie.
|5 SNK Inc A 37
|
| 563 |
|
|
|a Väzba: nová kožená väzba. Zachované pôvodne štítkové háčikové spony.
|5 SNK Inc A 37
|
| 700 |
1 |
|
|a Renner, Franz,
|d činný 1471-1483
|4 prt
|9 338561
|
| 700 |
1 |
|
|a Frankfurt, Nikolaus von,
|d 15.-16. storočie
|4 prt
|9 127704
|
| 710 |
2 |
|
|a Dominikáni (Košice, Slovensko)
|4 fmo
|9 601987
|
| 752 |
|
|
|a Taliansko
|d Benátky
|
| 852 |
|
|
|a snk
|b Historické fondy
|p Inc A 37
|
| 958 |
|
|
|a ONDV
|
| 999 |
|
|
|c 1164085
|d 1166015
|
| 952 |
|
|
|t Inc A 37
|a SNK
|b SNK
|c SNK_HF
|y PREZ
|7 0
|p 17A1486883
|o snkInc A 37
|i snk1976/1262
|8 5
|0 0
|1 0
|4 0
|d 2023-09-05
|f 1
|l 0
|r 2026-02-24 20:43:46
|w 2026-02-24
|